| 000 -LEADER |
| fixed length control field |
01012nam a2200205Ia 4500 |
| 001 - CONTROL NUMBER |
| control field |
11720 |
| 003 - CONTROL NUMBER IDENTIFIER |
| control field |
GE_BSU |
| 008 - FIXED-LENGTH DATA ELEMENTS--GENERAL INFORMATION |
| fixed length control field |
181216s||||||||xx |||||||||||||| ||und|| |
| 040 ## - CATALOGING SOURCE |
| Transcribing agency |
GE_BSU |
| 100 ## - MAIN ENTRY--PERSONAL NAME |
| Personal name |
ფანცხავა,აკ. |
| 245 ## - TITLE STATEMENT |
| Title |
ცხოველთა ფიზიოლოგია |
| 245 ## - TITLE STATEMENT |
| Remainder of title |
(სალექციო კურსი) სახელმძღვ.ზოოტექნიკურ-სავეტერინარო ინ-ტის სტუდენტებისათვის. |
| 245 ## - TITLE STATEMENT |
| Statement of responsibility, etc. |
რედ:დ.ნათიშვილი. |
| 260 ## - PUBLICATION, DISTRIBUTION, ETC. |
| Place of publication, distribution, etc. |
თბილისი |
| 260 ## - PUBLICATION, DISTRIBUTION, ETC. |
| Name of publisher, distributor, etc. |
განათლება |
| 260 ## - PUBLICATION, DISTRIBUTION, ETC. |
| Date of publication, distribution, etc. |
1967 |
| 300 ## - PHYSICAL DESCRIPTION |
| Extent |
177გვ;21სმ. |
| 653 ## - INDEX TERM--UNCONTROLLED |
| Uncontrolled term |
ცხოველთა ფიზიოლოგია.(სალექციო კურსი) სახელმძღვ.ზოოტექნიკურ-სავეტერინარო ინ-ტის სტუდენტებისათვის. |
| 942 ## - ADDED ENTRY ELEMENTS (KOHA) |
| Koha item type |
წიგნი |